000 00844nam a2200253Ia 4500
003 OSt
005 20220923211153.0
006 a|||||r|||| 00| 0
007 ta
008 Pun
020 _a8187654237X (hbk)
_c475
024 _a280,573
037 _b804, 09/03/2014, H.K. Prakashan
_cTextual
040 _aARTS
_cARTS
_bPun
041 _2Pun
_aPun
082 _a4, 153Q2
100 _aਥਾਪਰ, ਪ੍ਰਿਥਵੀ ਰਾਜ
_9159101
245 0 _aਸੰਚਾਰ, ਤਕਨੀਕ ਤੇ ਮਲਟੀਮੀਡੀਆ
260 _aਦਿੱਲੀ
_b ਮਨਪ੍ਰੀਤ ਪ੍ਰਕਾFਨ
_c2012
300 _a238ਪੰ
_ccm.
650 _aਪਤਰਕਾਰਿਤਾ
_9159102
942 _h4, 153Q2
_cTEXL
_2CC
999 _c296299
_d296299